Giáo trình thực hành mạng LAN (Dùng trong các trường THCN)
Nội dung của giáo trình bao gồm 7 bài trình bày về phương pháp lắp đặt, quản trị mạng và một số dịch vụ trên mạng Client/server
Na minha lista:
| Autor principal: | |
|---|---|
| Formato: | Livro |
| Idioma: | Undetermined |
| Publicado em: |
Hà Nội
Nhà xuất bản Hà Nội
2006
|
| Assuntos: | |
| Tags: |
Adicionar Tag
Sem tags, seja o primeiro a adicionar uma tag!
|
| Thư viện lưu trữ: | Trung tâm Học liệu Trường Đại học Cần Thơ |
|---|
| LEADER | 00877nam a2200217Ia 4500 | ||
|---|---|---|---|
| 001 | CTU_142743 | ||
| 008 | 210402s9999 xx 000 0 und d | ||
| 020 | |c 17000 | ||
| 082 | |a 004.68 | ||
| 082 | |b B312 | ||
| 100 | |a Phạm, Thanh Bình | ||
| 245 | 0 | |a Giáo trình thực hành mạng LAN | |
| 245 | 0 | |b (Dùng trong các trường THCN) | |
| 245 | 0 | |c Phạm Thanh Bình | |
| 260 | |a Hà Nội | ||
| 260 | |b Nhà xuất bản Hà Nội | ||
| 260 | |c 2006 | ||
| 520 | |a Nội dung của giáo trình bao gồm 7 bài trình bày về phương pháp lắp đặt, quản trị mạng và một số dịch vụ trên mạng Client/server | ||
| 650 | |a Local area networks ( Computer networks ),Mạng nội bộ ( Mạng máy tính ) | ||
| 904 | |i Duy Bằng | ||
| 980 | |a Trung tâm Học liệu Trường Đại học Cần Thơ | ||